| 000 | 00537nam a22001817a 4500 | ||
|---|---|---|---|
| 005 | 20240826121153.0 | ||
| 008 | 240826b |||||||| |||| 00| 0 eng d | ||
| 020 | _a978-0-07-053044-07 | ||
| 082 |
_a621.3815 _bFRA-D |
||
| 100 | _aFranco, Sergio | ||
| 245 |
_aDesign with Operational Amplifiers and Analog Integrated Circuits/ _cby Sergio Franco, |
||
| 250 | _a3rd ed. | ||
| 260 |
_aIndia : _bMcGraw Hill ; _c2002 |
||
| 300 |
_axiv, 658 p. : _c24 cm |
||
| 500 | _aInclude Index. | ||
| 650 | _aEngineering/Electrical | ||
| 999 |
_c36459 _d36459 |
||